[Event "World Blitz Women 2025"]
[Site "Doha QAT"]
[Date "2025.12.29"]
[Round "1.1"]
[White "Ju, Wenjun"]
[Black "Luong Phuong Hanh"]
[Result "1/2-1/2"]
[WhiteTitle "GM"]
[BlackTitle "WIM"]
[WhiteElo "2565"]
[BlackElo "2236"]
[WhiteFideId "8603006"]
[BlackFideId "12401013"]
[EventDate "2025.12.29"]

1. e4 c5 2. Nf3 d6 3. Bb5+ Nd7 4. c4 a6 5. Bxd7+ Bxd7 6. Nc3 g6 7. d4 cxd4 8.
Nxd4 Bg7 9. Be3 Nf6 10. O-O Ng4 11. Bc1 O-O 12. h3 Ne5 13. b3 Rc8 14. Bb2 Nc6
15. Nde2 b5 16. cxb5 axb5 17. Qd2 Qa5 18. Rfd1 Rfe8 19. Rac1 Qb4 20. Nd5 Qxd2
21. Rxd2 Bxb2 22. Rxb2 Ne5 23. Rbc2 Kf8 24. Nd4 Nd3 25. Rxc8 Rxc8 26. Rxc8+ Bxc8
27. Nxb5 Nc5 28. Nbc3 e6 29. Nb6 Bb7 30. f3 Ke7 31. b4 Nd3 32. b5 Kd8 33. a4 Nb4
34. a5 Kc7 35. Nc4 d5 36. exd5 exd5 37. Ne5 f6 38. Ng4 d4 39. Nb1 f5 40. Nf6 d3
41. Nxh7 Nc2 42. Nf8 Nd4 43. b6+ Kd6 44. Nd2 g5 45. Nh7 g4 46. hxg4 fxg4 47.
fxg4 Kc5 48. Kf2 Kb5 49. g5 Kxa5 50. g6 Kxb6 51. g7 Bd5 52. Nf6 Bf7 53. g4 Nc6
54. g8=Q Bxg8 55. Nxg8 Kc5 56. Nf6 Kd6 57. Ke3 Ke5 58. Nd7+ Kd6 59. Nf6 Ke5 60.
Nh5 Nb4 61. Nf3+ Ke6 62. Ke4 Kf7 63. Ne5+ Kg8 64. Nxd3 Nc6 65. Kf5 Nd4+ 66. Kf6
Nf3 67. Ne5 Nd2 68. Ng3 Nb3 69. g5 Nc5 70. g6 Kf8 71. Nf5 Ne4+ 72. Ke6 Ng5+ 73.
Kd7 Ne4 74. Ng4 Nf6+ 75. Nxf6 1/2-1/2

[Event "World Blitz Women 2025"]
[Site "Doha QAT"]
[Date "2025.12.29"]
[Round "1.2"]
[White "Girya, Olga"]
[Black "Lei, Tingjie"]
[Result "1/2-1/2"]
[WhiteTitle "GM"]
[BlackTitle "GM"]
[WhiteElo "2398"]
[BlackElo "2569"]
[WhiteFideId "4195752"]
[BlackFideId "8605114"]
[EventDate "2025.12.29"]

1. d4 Nf6 2. c4 g6 3. Nc3 Bg7 4. e4 d6 5. Nf3 O-O 6. Be2 e5 7. Be3 Ng4 8. Bg5 f6
9. Bh4 Na6 10. O-O Nh6 11. c5 exd4 12. Bxa6 dxc3 13. Bc4+ Nf7 14. bxc3 Kh8 15.
Bxf7 Rxf7 16. cxd6 Qxd6 17. Qxd6 cxd6 18. Rfd1 Bg4 19. Rxd6 Bxf3 20. gxf3 Rc8
21. Rad1 Rxc3 22. Rd8+ Bf8 23. R1d7 Kg7 24. Rxf7+ Kxf7 25. Rd7+ Be7 26. Rxb7 Ra3
27. e5 g5 28. exf6 Kxf6 29. Bxg5+ Kxg5 30. Rxe7 h5 31. Re2 Rxf3 32. Re5+ Kg4 33.
Ra5 Rf7 34. Kg2 Rb7 35. Ra4+ Kg5 36. Kg3 Rc7 37. Ra5+ Kg6 38. h4 Rc3+ 39. f3 Rc7
40. Ra6+ Kf5 41. Rh6 Rg7+ 42. Kf2 Rb7 43. Ra6 Kf4 44. Ra4+ Kf5 45. Ra5+ Kf4 46.
Ra4+ Kf5 47. Kg2 Rg7+ 48. Kh3 Rb7 49. Kg3 Rg7+ 50. Kf2 Rb7 1/2-1/2

[Event "World Blitz Women 2025"]
[Site "Doha QAT"]
[Date "2025.12.29"]
[Round "1.3"]
[White "Tan, Zhongyi"]
[Black "Mkrtchyan, Mariam"]
[Result "1-0"]
[WhiteTitle "GM"]
[BlackTitle "WIM"]
[WhiteElo "2524"]
[BlackElo "2353"]
[WhiteFideId "8603642"]
[BlackFideId "13310828"]
[EventDate "2025.12.29"]

1. e4 e5 2. Nf3 Nc6 3. Bb5 a6 4. Ba4 Nf6 5. O-O Nxe4 6. d4 b5 7. Bb3 d5 8. dxe5
Be6 9. Qe2 Be7 10. Rd1 O-O 11. c4 bxc4 12. Bxc4 Bc5 13. Be3 Bxe3 14. Qxe3 Qb8
15. Bb3 Na5 16. Nbd2 Nxb3 17. Nxb3 c5 18. Nxc5 Nxc5 19. Qxc5 Qxb2 20. Qd4 Rab8
21. h3 h6 22. Rd2 Qa3 23. Rad1 Rfc8 24. Qa7 Qa5 25. Nd4 Qb6 26. Qxb6 Rxb6 27. f4
g6 28. g4 Kh7 29. Kh2 Bd7 30. Kg3 Rc3+ 31. Rd3 Rxd3+ 32. Rxd3 a5 33. f5 a4 34.
Kf4 Kg7 35. h4 Rb2 36. a3 Rf2+ 37. Kg3 Rf1 38. f6+ Kf8 39. Nf3 Rb1 40. Rxd5 Bc6
41. Rd8+ Be8 42. Nd4 Rb6 43. g5 h5 44. Kf4 Ra6 45. Nb5 Rb6 46. Nd6 1-0

[Event "World Blitz Women 2025"]
[Site "Doha QAT"]
[Date "2025.12.29"]
[Round "1.4"]
[White "Priyanka, Nutakki"]
[Black "Lagno, Kateryna"]
[Result "0-1"]
[WhiteTitle "WGM"]
[BlackTitle "GM"]
[WhiteElo "2292"]
[BlackElo "2508"]
[WhiteFideId "25049615"]
[BlackFideId "14109336"]
[EventDate "2025.12.29"]

1. d4 d5 2. c4 e6 3. Nc3 Nf6 4. cxd5 exd5 5. Bg5 Be7 6. e3 O-O 7. Bd3 Re8 8.
Nge2 c6 9. O-O a5 10. Qc2 g6 11. Rae1 Na6 12. a3 Nc7 13. f3 Ne6 14. Bh4 Nh5 15.
Bf2 Bd7 16. e4 Nhf4 17. exd5 cxd5 18. Nxf4 Nxf4 19. Bb5 Bxb5 20. Nxb5 Rc8 21.
Qd2 Ne6 22. Be3 Bf6 23. Rc1 Rc6 24. Rc3 a4 25. Rxc6 bxc6 26. Nc3 c5 27. dxc5 d4
28. Ne4 dxe3 29. Qxd8 Bxd8 30. Re1 Be7 31. Rxe3 Rc8 32. Nd6 Rxc5 33. Ne4 Rc2 34.
Nc3 Bc5 0-1

[Event "World Blitz Women 2025"]
[Site "Doha QAT"]
[Date "2025.12.29"]
[Round "1.5"]
[White "Goryachkina, Aleksandra"]
[Black "Mammadova, Gulnar"]
[Result "1/2-1/2"]
[WhiteTitle "GM"]
[BlackTitle "IM"]
[WhiteElo "2534"]
[BlackElo "2330"]
[WhiteFideId "4147103"]
[BlackFideId "13403508"]
[EventDate "2025.12.29"]

1. e4 e5 2. Nf3 Nc6 3. Bb5 d6 4. O-O Bd7 5. Re1 g5 6. d4 g4 7. Bxc6 bxc6 8. Nfd2
exd4 9. e5 dxe5 10. Rxe5+ Be6 11. Nb3 Bg7 12. Re1 Ne7 13. Bg5 O-O 14. N1d2 f6
15. Rxe6 fxg5 16. Qxg4 Ng6 17. Rae1 Qd5 18. Qe4 Nf4 19. Qxd5 cxd5 20. Re7 Rf7
21. Rxf7 Kxf7 22. g3 Ne6 23. Nf3 c5 24. Nbd2 c4 25. Ne5+ Bxe5 26. Rxe5 Rd8 27.
Kf1 Kf6 28. Re1 g4 29. f3 h5 30. fxg4 hxg4 31. Kg2 c3 32. bxc3 dxc3 33. Nb3 d4
34. h3 gxh3+ 35. Kxh3 Kf5 36. Rd1 Ke4 37. Re1+ Kf3 38. Rf1+ Ke2 39. Rf6 Ng5+ 40.
Kg4 Nf3 41. Re6+ Kf2 42. Rf6 Ke2 43. Re6+ Kf2 44. Rf6 Ke2 45. Re6+ Kf2 1/2-1/2

[Event "World Blitz Women 2025"]
[Site "Doha QAT"]
[Date "2025.12.29"]
[Round "1.6"]
[White "Jiang, Tianyu"]
[Black "Koneru, Humpy"]
[Result "0-1"]
[BlackTitle "GM"]
[WhiteElo "2224"]
[BlackElo "2535"]
[WhiteFideId "8627215"]
[BlackFideId "5008123"]
[EventDate "2025.12.29"]

1. e4 e5 2. Nf3 Nc6 3. Bb5 a6 4. Ba4 Bc5 5. c3 Nge7 6. d4 exd4 7. cxd4 Bb4+ 8.
Bd2 Bxd2+ 9. Qxd2 d5 10. exd5 Qxd5 11. Nc3 Qe6+ 12. Qe3 O-O 13. O-O Qd6 14. Bxc6
Nxc6 15. d5 Ne7 16. Rfd1 Bf5 17. Rac1 Rfe8 18. Qe5 Rad8 19. Qxd6 Rxd6 20. Ne5
Ng6 21. Nxg6 hxg6 22. Re1 Kf8 23. h3 g5 24. Rxe8+ Kxe8 25. Re1+ Kd7 26. Re5 g6
27. g4 f6 28. Re3 Bc2 29. Kf1 b5 30. a3 Bb3 31. Rf3 Ke7 32. Re3+ Kf7 33. Kg2
Bxd5+ 34. Nxd5 Rxd5 35. Rc3 c5 36. Kf3 Ke6 37. Ke3 Ke5 38. Rc2 c4 39. Re2 Rd3# 0-1

[Event "World Blitz Women 2025"]
[Site "Doha QAT"]
[Date "2025.12.29"]
[Round "1.7"]
[White "Assaubayeva, Bibisara"]
[Black "Gaal, Zsoka"]
[Result "1-0"]
[WhiteTitle "GM"]
[BlackTitle "IM"]
[WhiteElo "2497"]
[BlackElo "2374"]
[WhiteFideId "13708694"]
[BlackFideId "777765"]
[EventDate "2025.12.29"]

1. Nf3 Nf6 2. c4 e6 3. g3 d5 4. Bg2 Be7 5. O-O d4 6. e3 c5 7. exd4 cxd4 8. d3
O-O 9. Na3 Nc6 10. Re1 h6 11. Nc2 a5 12. b3 Bc5 13. Ba3 Bxa3 14. Nxa3 Nd7 15.
Nb5 e5 16. a3 Re8 17. Nd2 Nc5 18. Ne4 Nxe4 19. Bxe4 Na7 20. Nxa7 Rxa7 21. b4
axb4 22. axb4 Rxa1 23. Qxa1 Qb6 24. Qa5 Qxa5 25. bxa5 Re7 26. Rb1 Kf8 27. Rb5 f5
28. Rc5 fxe4 29. Rxc8+ Kf7 30. dxe4 Rd7 31. Kf1 g5 32. Ke2 g4 33. c5 Ke6 34. Rg8
h5 35. Rg6+ Kf7 36. Rg5 Kf6 37. Rxh5 Rc7 38. Rh6+ Kg5 39. Rb6 Rxc5 40. Rxb7 Kf6
41. a6 Ra5 42. a7 Ke6 43. Rb6+ Kd7 44. Rb5 Ra2+ 45. Kd3 Kd6 46. Rb7 Kc5 47. Re7
Ra3+ 48. Kc2 Kd6 49. Rg7 Kc5 50. Kb2 Ra6 51. Rxg4 Rxa7 52. Rg5 Kd6 1-0

[Event "World Blitz Women 2025"]
[Site "Doha QAT"]
[Date "2025.12.29"]
[Round "1.8"]
[White "Aydin, Gulenay"]
[Black "Kosteniuk, Alexandra"]
[Result "0-1"]
[WhiteTitle "WIM"]
[BlackTitle "GM"]
[WhiteElo "2259"]
[BlackElo "2483"]
[WhiteFideId "34557431"]
[BlackFideId "4128125"]
[EventDate "2025.12.29"]

1. e4 c6 2. Nf3 d5 3. d3 g6 4. Qe2 Bg7 5. g3 Nh6 6. Bg2 O-O 7. O-O Re8 8. e5 f6
9. Nbd2 Nf7 10. d4 Na6 11. Re1 Nc7 12. c4 Bf5 13. cxd5 cxd5 14. Nb3 b6 15. Bf4
Qd7 16. Rac1 Rac8 17. Rxc7 Qxc7 18. exf6 e5 19. Nxe5 Bxf6 20. Bxd5 Bxe5 21. Bxe5
Qd7 22. Bxf7+ Qxf7 23. Qe3 Be6 24. Nd2 Bd5 25. Ne4 Bxe4 26. Qxe4 Rcd8 27. b3 Rd7
28. Rc1 Rf8 29. Rc2 Qf5 30. Qe2 Rdf7 31. h4 Qd7 32. Rc7 Qd5 33. Rxf7 Rxf7 34.
Qd2 Qe4 35. Qc1 Qf5 36. Qd2 Qb1+ 37. Kg2 Qe4+ 38. Kg1 Qf3 39. Qc2 Qf5 40. Qd2
Rf8 41. Kg2 Rc8 42. Qh6 Qf7 43. h5 Rc2 44. Bf4 Qd5+ 45. Kg1 Qxh5 46. Qxh5 gxh5
47. a3 Rc3 48. Kg2 Kf7 49. Bd6 Rxb3 50. Kh3 Rf3 51. Kh4 Kg6 52. Bb8 a6 53. Bd6
Rxf2 54. Bc7 Rh2# 0-1

[Event "World Blitz Women 2025"]
[Site "Doha QAT"]
[Date "2025.12.29"]
[Round "1.9"]
[White "Zhu, Jiner"]
[Black "Nandhidhaa, P V"]
[Result "1-0"]
[WhiteTitle "GM"]
[BlackTitle "WGM"]
[WhiteElo "2579"]
[BlackElo "2257"]
[WhiteFideId "8608059"]
[BlackFideId "5050847"]
[EventDate "2025.12.29"]

1. d4 Nf6 2. c4 g6 3. Nc3 Bg7 4. e4 d6 5. Be2 O-O 6. Be3 a5 7. Nf3 Ng4 8. Bg5 h6
9. Bh4 Nc6 10. O-O g5 11. Bg3 e5 12. dxe5 Ngxe5 13. Nxe5 dxe5 14. Nb5 Nd4 15.
Nxd4 exd4 16. Bd3 c5 17. e5 Ra6 18. Qf3 Re8 19. Rfe1 Rae6 20. Qe4 Rg6 21. Qd5
Rc6 22. h3 Qe7 23. Re2 Re6 24. Rae1 Rc6 25. b3 Qe6 26. Qe4 Qg6 27. Qf3 Qe6 28.
Be4 Rc7 29. Bd5 Qe7 30. e6 fxe6 31. Bxc7 Qxc7 32. Bxe6+ Bxe6 33. Rxe6 Rf8 34.
Re8 Qf7 35. Rxf8+ Bxf8 36. Qxf7+ Kxf7 37. Kf1 Bd6 38. Re4 b6 39. Ke2 Bf4 40. Kd3
Bd6 41. g3 Kf6 42. Re8 Kf7 43. Rc8 Be7 44. Rc6 Bd8 45. Rxh6 Kg7 46. Rd6 Bf6 47.
Rxb6 1-0

[Event "World Blitz Women 2025"]
[Site "Doha QAT"]
[Date "2025.12.29"]
[Round "1.10"]
[White "Nguyen Hong Nhung"]
[Black "Garifullina, Leya"]
[Result "1/2-1/2"]
[WhiteTitle "FM"]
[BlackTitle "IM"]
[WhiteElo "2268"]
[BlackElo "2454"]
[WhiteFideId "12412201"]
[BlackFideId "34127035"]
[EventDate "2025.12.29"]

1. e4 c5 2. Nf3 d6 3. d4 cxd4 4. Nxd4 Nf6 5. Nc3 a6 6. Bg5 Nbd7 7. Bc4 Qb6 8.
Bb3 e6 9. Bxf6 Nxf6 10. Qd2 Nd7 11. O-O-O Nc5 12. Rhe1 Bd7 13. Nf5 exf5 14. Nd5
Qc6 15. exf5+ Kd8 16. Bc4 h6 17. Qa5+ Kc8 18. Nb6+ Kb8 19. Nxa8 Kxa8 20. Bd5 Qb5
21. Qd8+ Ka7 22. Bxf7 h5 23. Kb1 h4 24. h3 Na4 25. Bb3 Nc5 26. f6 Nxb3 27. axb3
Qf5 28. Rxd6 Bxd6 29. Qxh8 Qxf6 30. Rd1 Bc6 31. f3 Be5 32. Qd8 Bxb2 33. Qxf6
Bxf6 34. c4 a5 35. Kc2 Kb6 36. Rd6 Kc5 37. Re6 a4 38. Re3 a3 39. Kb1 Kb4 40. Ka2
Bb2 41. Re7 b5 42. cxb5 Kxb5 43. Rf7 Kb6 44. Rf4 g5 45. Rb4+ Kc5 46. Rc4+ Kd6
47. f4 gxf4 48. Rxf4 Bxg2 49. Rxh4 Ke5 50. Ra4 Bxh3 51. Rxa3 Bxa3 52. Kxa3 1/2-1/2

[Event "World Blitz Women 2025"]
[Site "Doha QAT"]
[Date "2025.12.29"]
[Round "1.11"]
[White "Vaishali, Rameshbabu"]
[Black "Mamedjarova, Zeinab"]
[Result "1-0"]
[WhiteTitle "GM"]
[BlackTitle "WGM"]
[WhiteElo "2473"]
[BlackElo "2155"]
[WhiteFideId "5091756"]
[BlackFideId "13401521"]
[EventDate "2025.12.29"]

1. Nf3 d5 2. g3 Nf6 3. Bg2 c6 4. O-O g6 5. d4 Bg7 6. b3 O-O 7. Bb2 Ne4 8. Nbd2
h6 9. c4 Nd7 10. Rc1 b6 11. e3 a5 12. Nxe4 dxe4 13. Nd2 f5 14. f3 exf3 15. Nxf3
Qc7 16. Qe2 Bb7 17. e4 e6 18. Rce1 Kh7 19. d5 cxd5 20. exd5 exd5 21. Bxg7 Kxg7
22. Nd4 Nc5 23. cxd5 Qd7 24. Qe5+ Kh7 25. Ne6 Rfe8 26. Nxc5 bxc5 27. Qf6 Rxe1
28. Rxe1 Re8 29. Re5 h5 30. d6 Bxg2 31. Kxg2 Rxe5 32. Qxe5 Qc6+ 33. Kg1 Qf3 34.
Qxc5 Qd1+ 35. Kf2 Qd2+ 36. Kf3 Qd1+ 37. Kf4 Qg4+ 38. Ke5 Qe4+ 39. Kf6 Kh6 40.
Qc1+ Kh7 41. Qc7+ 1-0

[Event "World Blitz Women 2025"]
[Site "Doha QAT"]
[Date "2025.12.29"]
[Round "1.12"]
[White "Kurmangaliyeva, Liya"]
[Black "Shuvalova, Polina"]
[Result "0-1"]
[WhiteTitle "FM"]
[BlackTitle "IM"]
[WhiteElo "2339"]
[BlackElo "2502"]
[WhiteFideId "13725831"]
[BlackFideId "24171760"]
[EventDate "2025.12.29"]

1. Nf3 d5 2. g3 Nc6 3. Bg2 e5 4. d3 f6 5. O-O Be6 6. a3 Qd7 7. Nbd2 a5 8. c3 Bd6
9. e4 Nge7 10. Re1 O-O 11. Qc2 a4 12. exd5 Bxd5 13. Ne4 Na5 14. Be3 b6 15. Nh4
f5 16. Nxd6 cxd6 17. Bg5 Bxg2 18. Nxg2 Ng6 19. Bd2 d5 20. Rad1 Rae8 21. h4 b5
22. h5 Nh8 23. h6 g6 24. c4 Nb3 25. Bb4 Rf6 26. cxd5 Qxd5 27. Bc3 Nf7 28. Ne3
Qd7 29. Ng2 Rd6 30. Qe2 Rde6 31. Qe3 g5 32. Qf3 Nxh6 33. Qh5 Qg7 34. Ne3 Qg6 35.
Qh1 Nd4 36. Qd5 Nc6 37. Qxb5 f4 38. Nf1 Ng4 39. Qd5 Qf7 40. Qe4 Nf6 41. Qxa4 f3
42. Re3 g4 43. Rde1 Qh5 44. Re4 Nxe4 45. Qxe4 Rh6 46. Qd5+ Kh8 0-1

[Event "World Blitz Women 2025"]
[Site "Doha QAT"]
[Date "2025.12.29"]
[Round "1.13"]
[White "Muzychuk, Anna"]
[Black "Dwilewicz, Katarzyna"]
[Result "1/2-1/2"]
[WhiteTitle "GM"]
[BlackTitle "WFM"]
[WhiteElo "2518"]
[BlackElo "2185"]
[WhiteFideId "14111330"]
[BlackFideId "1148486"]
[EventDate "2025.12.29"]

1. e4 e5 2. Nf3 Nc6 3. Bb5 a6 4. Bxc6 dxc6 5. Nc3 f6 6. d4 exd4 7. Qxd4 Qxd4 8.
Nxd4 Bd7 9. f3 O-O-O 10. h4 h5 11. Be3 Ne7 12. Kf2 Ng6 13. Rad1 Ne5 14. b3 b6
15. Nde2 Kb7 16. Rd2 Bb4 17. Rhd1 Rhe8 18. Bd4 Kc8 19. Kf1 Be6 20. Kf2 g6 21. g3
Bf7 22. Bxe5 Rxd2 23. Rxd2 fxe5 24. Rd3 Be6 25. Nd1 Bc5+ 26. Kg2 a5 27. Nb2 Kb7
28. Rd1 Rf8 29. Nd3 Bd6 30. Nc3 b5 31. a4 Kb6 32. Ra1 b4 33. Nd1 c5 34. Ne3 c6
35. Nb2 Bc7 36. Nbc4+ Ka6 37. Rd1 Kb7 38. Rd3 Rf7 39. Nd6+ Bxd6 40. Rxd6 Re7 41.
Kf2 Kc7 42. Rd2 Rd7 43. Rxd7+ Kxd7 44. f4 exf4 45. gxf4 Ke7 46. Kf3 Kf6 47. Nc4
Bxc4 48. bxc4 Ke6 49. Ke3 Kd6 50. e5+ Ke7 51. Kf3 Kf7 52. Ke3 Ke7 53. Kd3 Kd7
54. Ke2 Ke7 55. Kf3 Kf7 56. Ke3 Ke7 57. Kf3 Kf7 58. Ke3 Ke7 1/2-1/2

[Event "World Blitz Women 2025"]
[Site "Doha QAT"]
[Date "2025.12.29"]
[Round "1.14"]
[White "Gong, Qianyun"]
[Black "Dronavalli, Harika"]
[Result "0-1"]
[WhiteTitle "WGM"]
[BlackTitle "GM"]
[WhiteElo "2228"]
[BlackElo "2466"]
[WhiteFideId "8602425"]
[BlackFideId "5015197"]
[EventDate "2025.12.29"]

1. e4 e6 2. d4 d5 3. e5 c5 4. c3 Bd7 5. Nf3 Ne7 6. Bd3 cxd4 7. cxd4 Nbc6 8. O-O
Nf5 9. Bxf5 exf5 10. Nc3 Be6 11. Bg5 Qd7 12. h4 h6 13. Bf4 Be7 14. Qd2 O-O 15.
Ne2 Kh7 16. g3 Rac8 17. Kg2 b6 18. Rh1 Nb4 19. a3 Nc6 20. b4 Nd8 21. Be3 Qa4 22.
Ra2 Qb3 23. Nf4 Qc3 24. Qe2 Qc4 25. Qd2 Nb7 26. Nh5 Qc3 27. Qe2 Qc4 28. Qd2 f4
29. Bxf4 Bg4 30. Nxg7 Bxf3+ 31. Kxf3 Qc3+ 32. Kg2 Qxd2 33. Rxd2 Kxg7 34. g4 Nd8
35. Be3 Ne6 36. f4 Rc3 37. Bf2 Nxf4+ 38. Kf1 Rc1+ 39. Be1 Rfc8 40. Kf2 R8c2 41.
Rxc2 Rxc2+ 42. Kf3 Ne6 43. Bf2 Rc3+ 44. Kg2 Nf4+ 45. Kh2 Rxa3 0-1

[Event "World Blitz Women 2025"]
[Site "Doha QAT"]
[Date "2025.12.29"]
[Round "1.15"]
[White "Divya, Deshmukh"]
[Black "Rudzinska, Michalina"]
[Result "1-0"]
[WhiteTitle "GM"]
[BlackTitle "WGM"]
[WhiteElo "2497"]
[BlackElo "2206"]
[WhiteFideId "35006916"]
[BlackFideId "1172883"]
[EventDate "2025.12.29"]

1. e4 c5 2. Nc3 d6 3. g3 Nf6 4. Bg2 g6 5. b3 Bg7 6. Bb2 Nc6 7. Nge2 O-O 8. O-O
e5 9. d3 Be6 10. Nd5 Qd7 11. Qd2 Ne7 12. Nxe7+ Qxe7 13. f4 Bd7 14. f5 Bc6 15. c4
b5 16. h3 gxf5 17. Rf2 f4 18. Rxf4 Bd7 19. Rf2 Kh8 20. Raf1 bxc4 21. bxc4 Rab8
22. Bc3 Nh5 23. g4 Nf6 24. Ng3 Rg8 25. g5 Ne8 26. Rxf7 Qe6 27. Nh5 Rb1 28. Qf2
Rxf1+ 29. Qxf1 Qg6 30. Nxg7 Rxg7 31. Rxg7 Kxg7 32. h4 Nc7 33. Ba5 Ne6 34. Bh3
Qf7 35. Qxf7+ Kxf7 36. Bf5 Kg7 37. Kf2 h6 38. gxh6+ Kxh6 39. Bxe6 Bxe6 40. Bc7
Kg6 41. Bxd6 Kf6 42. Bxc5 a5 43. Kg3 Bd7 44. Kf2 Bg4 45. Bb6 a4 46. a3 Bd7 47.
Ke3 Kg6 48. Bc7 Kf6 49. Kd2 Be6 50. Kc3 Bg4 51. c5 Ke6 52. Kc4 Be2 53. c6 Bf3
54. Bb8 Be2 55. c7 Kd7 56. c8=Q+ Kxc8 57. Bxe5 Kd7 58. Bf4 Bf3 59. Kd5 Bd1 60.
d4 Bb3+ 61. Kc5 Bc2 62. Kd5 Bb3+ 63. Ke5 Bc2 64. d5 Bb1 65. Kd4 Bc2 66. e5 Ke7
67. Bg5+ Kd7 68. e6+ Kd6 69. Bf4+ Ke7 70. Ke5 Bb3 71. d6+ Ke8 72. d7+ 1-0

[Event "World Blitz Women 2025"]
[Site "Doha QAT"]
[Date "2025.12.29"]
[Round "1.16"]
[White "Yakimova, Mariya"]
[Black "Dzagnidze, Nana"]
[Result "1-0"]
[WhiteTitle "WFM"]
[BlackTitle "GM"]
[WhiteElo "2241"]
[BlackElo "2469"]
[WhiteFideId "34188859"]
[BlackFideId "13601903"]
[EventDate "2025.12.29"]

1. d4 Nf6 2. Nf3 e6 3. Bf4 b6 4. e3 Bb7 5. Bd3 d5 6. Nbd2 Bd6 7. Bg3 O-O 8. c3
Ba6 9. Bxa6 Nxa6 10. Qe2 Nb8 11. e4 dxe4 12. Nxe4 Nxe4 13. Qxe4 Nd7 14. O-O Bxg3
15. hxg3 Nf6 16. Qh4 Qd5 17. Rfe1 Rfd8 18. Re5 Qc4 19. g4 c5 20. g5 Nd7 21. Re3
cxd4 22. cxd4 Nf8 23. Rc3 Qb4 24. Rac1 Rd7 25. b3 Rad8 26. Rc4 Qa3 27. R1c2 Rd5
28. Ne5 Ng6 29. Nxg6 hxg6 30. R2c3 b5 31. Rh3 Kf8 32. Rc7 Ke8 33. Qh8+ Qf8 34.
Qxf8+ Kxf8 35. Rh8# 1-0

[Event "World Blitz Women 2025"]
[Site "Doha QAT"]
[Date "2025.12.29"]
[Round "1.17"]
[White "Roebers, Eline"]
[Black "Beydullayeva, Govhar"]
[Result "1-0"]
[WhiteTitle "IM"]
[BlackTitle "WGM"]
[WhiteElo "2396"]
[BlackElo "2364"]
[WhiteFideId "1058401"]
[BlackFideId "13413015"]
[EventDate "2025.12.29"]

1. e4 c5 2. Nf3 d6 3. d4 cxd4 4. Nxd4 Nf6 5. Nc3 a6 6. h3 e5 7. Nf3 Be7 8. g4 h6
9. Rg1 b5 10. g5 hxg5 11. Nxg5 Bb7 12. Be3 Nbd7 13. a4 b4 14. Bc4 Rf8 15. Nd5
Nxd5 16. Bxd5 Bxd5 17. Qxd5 Rc8 18. Qd3 Qa5 19. Kf1 Nf6 20. Bd2 d5 21. exd5 Qxd5
22. Re1 Qxd3+ 23. cxd3 Rc2 24. Bc1 Kd7 25. Nf3 e4 26. Nd4 Rcc8 27. dxe4 Nxe4 28.
Rxg7 Bf6 29. Rg4 Rfe8 30. Rd1 Kc7 31. Be3 Kb7 32. Rf4 Rcd8 33. f3 Ng3+ 34. Kf2
Nh5 35. Rf5 Bh4+ 36. Kg2 Rxe3 37. Rxh5 Rg8+ 38. Kf1 Bf6 39. Rf5 Bxd4 40. Rxf7+
Kb6 41. Rxd4 Rge8 42. Rxb4+ Kc5 43. Rbb7 Re1+ 44. Kf2 R8e2+ 45. Kg3 Rg1+ 46. Kf4
Rh1 47. Rfc7+ Kd6 48. Rh7 Rhh2 49. b4 Ra2 50. Rb6+ Kd5 51. Rxa6 Rhb2 52. Rb7 Rh2
53. b5 Rxh3 54. Rd7+ Kc5 55. Rc6+ Kb4 56. Rd4+ Kb3 57. b6 Rh4+ 58. Ke5 Re2+ 59.
Kd5 Rh5+ 60. Kd6 Rh6+ 61. Kc7 Re7+ 62. Rd7 Rxd7+ 63. Kxd7 Rh7+ 64. Kc8 Kxa4 65.
b7 Rh8+ 66. Kc7 Rh7+ 67. Kb6 1-0

[Event "World Blitz Women 2025"]
[Site "Doha QAT"]
[Date "2025.12.29"]
[Round "1.18"]
[White "Yakubbaeva, Nilufar"]
[Black "Danielian, Elina"]
[Result "0-1"]
[WhiteTitle "WGM"]
[BlackTitle "GM"]
[WhiteElo "2229"]
[BlackElo "2408"]
[WhiteFideId "14204487"]
[BlackFideId "13300210"]
[EventDate "2025.12.29"]

1. Nf3 d6 2. e3 g6 3. d4 Bg7 4. b3 c5 5. Bb2 a6 6. c4 Nf6 7. Nc3 O-O 8. Be2 b6
9. O-O Bb7 10. Qd2 cxd4 11. exd4 d5 12. Rfe1 e6 13. Ne5 dxc4 14. bxc4 Nc6 15.
Nxc6 Bxc6 16. Rad1 b5 17. d5 exd5 18. Nxd5 Nxd5 19. cxd5 Bb7 20. Bf3 Bxb2 21.
Qxb2 Qd6 22. Qe5 Rfd8 23. Qxd6 Rxd6 24. Re7 Rb8 25. h3 Kf8 26. Rc7 b4 27. Rd4 a5
28. Rf4 f5 29. g4 Bxd5 30. gxf5 g5 31. Rd4 Rbd8 32. Bxd5 Rxd5 33. Rxd5 Rxd5 34.
Rxh7 Rxf5 35. Ra7 Rc5 36. Kg2 Ke8 37. Kg3 Kd8 38. h4 gxh4+ 39. Kxh4 Kc8 40. f4
Kb8 41. Ra6 Kb7 42. Re6 Rc2 43. f5 Rxa2 44. f6 Rf2 45. Re5 Kb6 46. Kg5 b3 47.
Rf5 Rxf5+ 48. Kxf5 b2 49. f7 b1=Q+ 50. Ke5 0-1

[Event "World Blitz Women 2025"]
[Site "Doha QAT"]
[Date "2025.12.29"]
[Round "1.19"]
[White "Muzychuk, Mariya"]
[Black "Kaliakhmet, Elnaz"]
[Result "1/2-1/2"]
[WhiteTitle "GM"]
[BlackTitle "WIM"]
[WhiteElo "2475"]
[BlackElo "2329"]
[WhiteFideId "14114550"]
[BlackFideId "13730169"]
[EventDate "2025.12.29"]

1. e4 e5 2. Nf3 Nc6 3. Bc4 Nf6 4. d3 d5 5. exd5 Nxd5 6. O-O Nb6 7. Bb5 Bd6 8.
Re1 f6 9. d4 O-O 10. Bxc6 bxc6 11. dxe5 fxe5 12. Bg5 Qe8 13. h3 Qg6 14. Nc3 h6
15. Be3 Bxh3 16. Nh4 Qf6 17. Qh5 Be6 18. Ne4 Qf7 19. Qxf7+ Kxf7 20. Rad1 Nd5 21.
c4 Nxe3 22. Rxe3 Bxc4 23. Nxd6+ cxd6 24. Rxd6 Bxa2 25. Rxc6 Bd5 26. Rc5 Be6 27.
Rcxe5 Rfe8 28. Nf3 Kf6 29. Nd4 Bd7 30. Rxe8 Rxe8 31. Ra3 Re1+ 32. Kh2 Rd1 33.
Nf3 Bg4 34. Ra6+ Kf5 35. Rxa7 Bxf3 36. Rf7+ Kg4 37. Rxf3 Rd2 38. b3 Rb2 39. Rg3+ 1/2-1/2

[Event "World Blitz Women 2025"]
[Site "Doha QAT"]
[Date "2025.12.29"]
[Round "1.20"]
[White "Tarasenka, Aliaksandra"]
[Black "Song, Yuxin"]
[Result "1-0"]
[WhiteTitle "WIM"]
[BlackTitle "IM"]
[WhiteElo "2266"]
[BlackElo "2454"]
[WhiteFideId "13514288"]
[BlackFideId "8614300"]
[EventDate "2025.12.29"]

1. e4 c5 2. Nc3 e6 3. Nge2 a6 4. g3 Nc6 5. Bg2 Qc7 6. O-O Nf6 7. d3 Be7 8. h3 d6
9. f4 b5 10. Be3 Bb7 11. Qd2 h5 12. a3 Rc8 13. Rae1 h4 14. g4 Nd7 15. f5 Nde5
16. fxe6 fxe6 17. Nf4 Qd7 18. Nh5 Rg8 19. Bg5 Bxg5 20. Qxg5 Qe7 21. Qe3 Nd4 22.
Rf2 Kd7 23. b4 Rgf8 24. bxc5 dxc5 25. Ref1 Rxf2 26. Qxf2 a5 27. Nd1 Rg8 28. Ne3
Ke8 29. c3 Ndc6 30. Qb2 Ba6 31. d4 Nd7 32. d5 Nce5 33. dxe6 Qxe6 34. Nf5 Qb6 35.
Nhxg7+ Kd8 36. Rd1 c4+ 37. Qf2 Qxf2+ 38. Kxf2 Nd3+ 39. Ke3 N7e5 40. Ne6+ Kd7 41.
Nc5+ Kc6 42. Nxd3 cxd3 43. Ne7+ Kc5 44. Nxg8 Kc4 45. Bf1 Kxc3 46. Bxd3 Kb2 47.
a4 Nxd3 48. Rxd3 bxa4 49. Rd5 Bc4 50. Rxa5 a3 51. Nh6 Bf1 52. g5 Bxh3 53. g6 Be6
54. Kf3 a2 55. g7 a1=Q 56. Rxa1 Kxa1 57. g8=Q Bxg8 58. Nxg8 Kb2 59. e5 Kc3 60.
e6 Kd4 61. e7 Kd5 1-0